000 01096cam a22003011a 4500
001 gs 64000235
003 DLC
005 20260227111414.0
008 780718s1964 dcuab b f001 0 eng
010 _ags 64000235
035 _a(OCoLC)4061874
040 _aDLC
_cOClU
_dDNAL
_dDLC
042 _apremarc
050 0 0 _aQE75
_b.B9 no. 1129
070 0 _a407
_bG29B no.1129
072 0 _aX400
100 1 _aSainsbury, C. L.
_q(Cleo Ladell),
_d1921-
245 1 0 _aGeology of Lost River mine area, Alaska /
_cby C.L. Sainsbury. With a section on ore reserves prepared in cooperation with the U.S. Bureau of Mines.
260 _aWashington, [D.C.] :
_bU.S. G.P.O.,
_c1964.
300 _av, 80 p. :
_bill., maps (some col.) ;
_c24 +
_e10 folded maps in case.
440 0 _aGeological Survey bulletin ;
_v1129
504 _aBibliography: p. 76.
500 _aIncludes index.
650 0 _aGeology
_zAlaska
_zLost River Valley.
650 0 _aMines and mineral resources
_zAlaska
_zLost River Valley.
650 0 _aBorings
_zAlaska
_zLost River Valley.
710 1 _aUnited States.
_bBureau of Mines.
999 _c29854
_d29854